Interiérový produkt pre deti predškolského veku
Saved in:
| Main Author: | |
|---|---|
| Other Authors: | |
| Format: | Manuscript Book |
| Language: | Slovak |
| Published: |
2024
|
| Subjects: | |
| Online Access: | http://is.stuba.sk/zp/portal_zp.pl?podrobnosti=162160 |
| Tags: |
No Tags, Be the first to tag this record!
|
MARC
| LEADER | 00000ntm a22000003a 4500 | ||
|---|---|---|---|
| 001 | stuzp99589 | ||
| 003 | SK-STU | ||
| 005 | 20240615211529.5 | ||
| 007 | ta | ||
| 008 | 150427s2015----xo-----f-mn---000-0-slo-d | ||
| 040 | |a STU |b slo | ||
| 041 | 0 | |a slo | |
| 100 | 1 | |a Polomská, Anetta |u 059190 |4 aut |U FAD Fakulta architektúry a dizajnu |T FAD Ústav dizajnu |X 110394 |U A9190 |Y 400 |7 110394 | |
| 242 | 0 | 1 | |a Interior product for children of preschool age |y eng |
| 245 | 1 | 0 | |a Interiérový produkt pre deti predškolského veku |
| 260 | |c 2024 | ||
| 650 | 4 | |a stavebnica |2 slo | |
| 650 | 4 | |a dieťa |2 slo | |
| 650 | 4 | |a výchovné metódy |2 slo | |
| 650 | 4 | |a hračka |2 slo | |
| 650 | 4 | |a hra |2 slo | |
| 650 | 4 | |a predškolský vek |2 slo | |
| 650 | 4 | |a skladačka |2 slo | |
| 650 | 4 | |a preschool |2 eng | |
| 650 | 4 | |a jigsaw |2 eng | |
| 650 | 4 | |a play |2 eng | |
| 650 | 4 | |a toy |2 eng | |
| 650 | 4 | |a kid |2 eng | |
| 650 | 4 | |a child |2 eng | |
| 650 | 4 | |a educational methods |2 eng | |
| 700 | 1 | |a Paliatka, Peter |4 ths |X 332 |7 A000000332 | |
| 856 | 4 | |u http://is.stuba.sk/zp/portal_zp.pl?podrobnosti=162160 | |